[Event "Santa Cruz Rio Turbio op"]
[Site "Santa Cruz"]
[Date "2023.06.19"]
[Round "5"]
[White "Villamayor, Francisco"]
[Black "Colivoro Colivoro, Jorge"]
[Result "1-0"]
[WhiteElo "1854"]
[BlackElo "1658"]
[PlyCount "111"]
[EventDate "2023.06.17"]
[EventType "swiss"]
[EventRounds "7"]
[EventCountry "ARG"]
[SourceTitle "CBM 215 Extra"]
[Source "ChessBase"]
[SourceDate "2023.09.30"]
[SourceVersion "1"]
[SourceVersionDate "2023.09.30"]
[SourceQuality "1"]

1. d4 Nf6 2. c4 g6 3. Nc3 Bg7 4. g3 d6 5. Bg2 0-0 6. Nf3 Bd7 7. 0-0 Qc8 8. e4 Bh3 9. Re1 Bxg2 10. Kxg2 c5 11. d5 Nbd7 12. e5 Ng4 13. exd6 exd6 14. Ne4 Qc7 15. Bf4 Nde5 16. Nxe5 Nxe5 17. Qc2 h6 18. Red1 f5 19. Nc3 g5 20. Bc1 f4 21. gxf4 gxf4 22. f3 Qe7 23. Ne4 Qh4 24. Qf2 Qxf2+ 25. Kxf2 Nxc4 26. b3 Bd4+ 27. Rxd4 cxd4 28. bxc4 b5 29. cxb5 Rac8 30. Ba3 d3 31. Rd1 Rc2+ 32. Rd2 Rxd2+ 33. Nxd2 Rf5 34. Bxd6 Rxd5 35. Bxf4 Rxb5 36. a3 Kh7 37. Ke3 Rd5 38. Ke4 Rd7 39. Be5 Kg6 40. f4 Kh5 41. f5 Kg4 42. f6 h5 43. Bd4 a6 44. Kxd3 Kf5 45. Nc4 Ke6 46. Kc3 Rc7 47. Kd3 Rd7 48. Nd2 Rd5 49. Ne4 Rf5 50. Ke3 Rb5 51. Kf4 Rf5+ 52. Ke3 Rb5 53. h4 Rb3+ 54. Kf4 Rxa3 55. Ng5+ Kd7 56. f7 1-0

[Event "Santa Cruz Rio Turbio op"]
[Site "Santa Cruz"]
[Date "2023.06.18"]
[Round "3"]
[White "Villamayor, Francisco"]
[Black "Diaz, Walter"]
[Result "1/2-1/2"]
[WhiteElo "1854"]
[BlackElo "2130"]
[PlyCount "93"]
[EventDate "2023.06.17"]
[EventType "swiss"]
[EventRounds "7"]
[EventCountry "ARG"]
[SourceTitle "CBM 215 Extra"]
[Source "ChessBase"]
[SourceDate "2023.09.30"]
[SourceVersion "1"]
[SourceVersionDate "2023.09.30"]
[SourceQuality "1"]

1. Nf3 g6 2. d4 Bg7 3. c4 c5 4. e3 Nf6 5. Nc3 cxd4 6. exd4 d5 7. cxd5 Nxd5 8. Bc4 Nxc3 9. bxc3 0-0 10. 0-0 Qc7 11. Bb3 Qxc3 12. Be3 Bg4 13. Rc1 Qa5 14. h3 Bxf3 15. Qxf3 Nc6 16. d5 Nd4 17. Bxd4 Bxd4 18. Rc4 Qb6 19. Rd1 e5 20. dxe6 fxe6 21. Qg4 Bxf2+ 22. Kh1 Rad8 23. Rxd8 Rxd8 24. Re4 Rd6 25. Bxe6+ Kg7 26. Bb3 Qc7 27. Qf4 Bg3 28. Qe3 Rd7 29. Re8 Bf4 30. Qg1 Qc3 31. Re1 Qxe1 32. Qxe1 Rc7 33. Kg1 Rc1 34. Kf1 Rxe1+ 35. Kxe1 Kf6 36. Ke2 Ke5 37. Kd3 b5 38. a4 a6 39. axb5 axb5 40. Bg8 h6 41. Bf7 g5 42. Be8 b4 43. Kc4 Bd2 44. Bg6 Kf4 45. Bh5 Kg3 46. Bf3 h5 47. Bxh5 1/2-1/2

[Event "Villa Tehuelches op 5th"]
[Site "Villa Tehuelches"]
[Date "2019.07.12"]
[Round "4"]
[White "Villamayor, Francisco"]
[Black "Oyarzun Marquez, Benjamin Fernando"]
[Result "1-0"]
[WhiteElo "1837"]
[BlackElo "1078"]
[PlyCount "83"]
[EventDate "2019.07.11"]
[EventType "swiss"]
[EventRounds "7"]
[EventCountry "CHI"]
[SourceTitle "EXT 2021"]
[Source "ChessBase"]
[SourceDate "2020.10.23"]
[SourceVersion "1"]
[SourceVersionDate "2020.10.23"]
[SourceQuality "1"]

1. d4 Nf6 2. c4 e6 3. Nc3 Nc6 4. e4 Bb4 5. f3 0-0 6. e5 Ne8 7. Be3 d6 8. exd6 Nxd6 9. Bd3 Re8 10. Nge2 e5 11. d5 Ne7 12. 0-0 Nef5 13. Bf2 Qg5 14. Qc1 Qh5 15. Ne4 Nh4 16. N4g3 Nxf3+ 17. gxf3 Qxf3 18. Be3 Qg4 19. Nc3 b6 20. Qd1 Qh3 21. Qh5 Qxh5 22. Nxh5 e4 23. Be2 Nf5 24. Bf2 e3 25. Bg3 Nd4 26. Rae1 Re6 27. dxe6 Bxe6 28. Nf4 Bd7 29. Nfd5 Bd6 30. Bxd6 cxd6 31. Nxe3 Re8 32. Ng2 Bh3 33. Bg4 Rd8 34. Bxh3 Nc2 35. Re7 Rf8 36. Rfxf7 Rxf7 37. Be6 g6 38. Rxf7 Nd4 39. Bd5 Nf5 40. Ne4 h5 41. Nf6+ Kh8 42. Rh7# 1-0

[Event "Villa Tehuelches op 5th"]
[Site "Villa Tehuelches"]
[Date "2019.07.11"]
[Round "1"]
[White "Abarca Gonzalez, Nicolas"]
[Black "Villamayor, Francisco"]
[Result "1-0"]
[WhiteElo "2409"]
[BlackElo "1837"]
[PlyCount "55"]
[EventDate "2019.07.11"]
[EventType "swiss"]
[EventRounds "7"]
[EventCountry "CHI"]
[SourceTitle "CBM 191 Extra"]
[Source "ChessBase"]
[SourceDate "2019.09.30"]
[SourceVersion "1"]
[SourceVersionDate "2019.09.30"]
[SourceQuality "1"]

1. e4 g6 2. d4 Bg7 3. Nc3 d6 4. f4 Nf6 5. Nf3 a6 6. Bd3 0-0 7. 0-0 c5 8. dxc5 dxc5 9. e5 Nd5 10. Nxd5 Qxd5 11. c4 Qd7 12. Be3 b6 13. Be4 Qxd1 14. Rfxd1 Ra7 15. b4 Rc7 16. bxc5 bxc5 17. Rab1 Be6 18. Rdc1 Nd7 19. Ng5 Bh6 20. h4 Bxg5 21. hxg5 Bf5 22. Bxf5 gxf5 23. Rd1 Rfc8 24. Kf2 Nf8 25. Kf3 Kg7 26. g4 fxg4+ 27. Kxg4 Rc6 28. f5 1-0

[Event "Villa Tehuelches Cuarto op"]
[Site "Villa Tehuelches"]
[Date "2018.07.14"]
[Round "7"]
[White "Villamayor, Francisco"]
[Black "Oyarzun Marquez, Benjamin Fernando"]
[Result "1-0"]
[WhiteElo "1886"]
[BlackElo "1110"]
[PlyCount "53"]
[EventDate "2018.07.11"]
[EventType "swiss"]
[EventRounds "7"]
[EventCountry "CHI"]
[SourceTitle "EXT 2020"]
[Source "ChessBase"]
[SourceDate "2019.10.17"]
[SourceVersion "1"]
[SourceVersionDate "2019.10.17"]
[SourceQuality "1"]

1. Nf3 d5 2. g3 Nf6 3. d3 g6 4. Nbd2 e6 5. Bg2 Bg7 6. 0-0 0-0 7. Re1 c6 8. e4 Re8 9. Ng5 h6 10. Nh3 Nbd7 11. e5 Nh7 12. d4 Ng5 13. Nxg5 hxg5 14. Qg4 f5 15. exf6 Qxf6 16. Nf3 Kf7 17. Nxg5+ Ke7 18. Rxe6+ Qxe6 19. Qxe6+ Kd8 20. Nf7+ Kc7 21. Qxe8 a6 22. Qd8+ Kb8 23. Nd6 Nb6 24. Qxb6 Ra7 25. Bf4 g5 26. Nb5+ Ka8 27. Qxa7# 1-0

[Event "Villa Tehuelches Cuarto op"]
[Site "Villa Tehuelches"]
[Date "2018.07.13"]
[Round "5"]
[White "Villamayor, Francisco"]
[Black "Barria Kuscic, Boris"]
[Result "0-1"]
[WhiteElo "1886"]
[BlackElo "1656"]
[PlyCount "90"]
[EventDate "2018.07.11"]
[EventType "swiss"]
[EventRounds "7"]
[EventCountry "CHI"]
[SourceTitle "EXT 2020"]
[Source "ChessBase"]
[SourceDate "2019.10.17"]
[SourceVersion "1"]
[SourceVersionDate "2019.10.17"]
[SourceQuality "1"]

1. a4 e5 2. e4 Bc5 3. Nf3 d6 4. Bc4 Bg4 5. d3 Nf6 6. Be3 Nbd7 7. h3 Bh5 8. 0-0 c6 9. Nbd2 h6 10. c3 Bxe3 11. fxe3 g5 12. Qe1 Qe7 13. Qf2 Bg6 14. b4 Rf8 15. b5 c5 16. a5 g4 17. Nh4 gxh3 18. gxh3 0-0-0 19. Nf5 Bxf5 20. Qxf5 Rg8+ 21. Kf2 Rg5 22. Qf3 Rdg8 23. Rg1 Nf8 24. a6 b6 25. d4 Ng6 26. Rxg5 hxg5 27. Rf1 Nh4 28. Qh1 Nh5 29. Qg1 exd4 30. Qg4+ Qd7 31. Qxh5 dxe3+ 32. Kxe3 Qxh3+ 33. Nf3 Ng2+ 34. Kf2 Qxh5 35. Kxg2 Rh8 36. Kf2 f6 37. Be6+ Kc7 38. Ke3 g4 39. Ng1 Qg5+ 40. Kd3 Rh2 41. Kc4 Rb2 42. Re1 Qd2 43. Re2 Qc1 44. Rxb2 Qxb2 45. Bxg4 Qg2 0-1

[Event "Villa Tehuelches Cuarto op"]
[Site "Villa Tehuelches"]
[Date "2018.07.12"]
[Round "3"]
[White "Villamayor, Francisco"]
[Black "Diaz Valderrama, Rodrigo"]
[Result "1-0"]
[WhiteElo "1886"]
[BlackElo "1727"]
[PlyCount "53"]
[EventDate "2018.07.11"]
[EventType "swiss"]
[EventRounds "7"]
[EventCountry "CHI"]
[SourceTitle "EXT 2019"]
[Source "ChessBase"]
[SourceDate "2018.10.10"]
[SourceVersion "1"]
[SourceVersionDate "2018.10.10"]
[SourceQuality "1"]

1. Nf3 Nc6 2. d4 d5 3. c4 e6 4. Nc3 h6 5. e3 Nf6 6. Bd3 Bb4 7. Bd2 Qe7 8. Qc2 Bd7 9. a3 dxc4 10. Bxc4 Bd6 11. 0-0-0 a6 12. e4 e5 13. dxe5 Nxe5 14. Nxe5 Bxe5 15. f4 Bd4 16. e5 Ng4 17. Nd5 Qc5 18. Bb4 Be3+ 19. Kb1 Qc6 20. Nxc7+ Qxc7 21. Bxf7+ Kd8 22. Rxd7+ Kxd7 23. Rd1+ Kc8 24. Be6+ Kb8 25. Bd6 Qxd6 26. exd6 Bb6 27. Bxg4 1-0